000 00899nam a22002297a 4500
005 20240530110613.0
008 161123s2014 ua g 00| jaara d
017 _a2013/16182
_bمصر . دار الكتب
020 _a9789774278426
040 _aEG-CaGPL
082 0 4 _221
_a839.893 /
_bا ح
100 1 _aاندرسن ، هانز كريستيان
245 1 0 _aحكايات اندلسية /
_cهانز كريستيان اندرسن ؛ ترجمة الدكتور توفيق على منصور .
250 _aط .1 .
260 _aالقاهرة :
_bالدار المصرية اللبنانية ،
_c2014 .
300 _a317 ص. ؛
_c20سم .
650 0 7 _aالقصص الدنماركية المترجمة
650 0 7 _aالادب الشعبى
_xالدنمارك
700 0 _aتوفيق على منصور
_eمترجم
942 _2ddc
_cBK
999 _c62896
_d62896